Politische Rechnungs-Wissenschaft

Na minha lista:
Detalhes bibliográficos
Formato: Livro
Idioma:alemão
Publicado em: München Fleischmann 1862
Tags: Adicionar Tag
Sem tags, seja o primeiro a adicionar uma tag!

MARC

LEADER 00000nam a2200000 4500
001 0307306
005 20250226090306.8
041 0 |a ger 
044 |a DE 
245 1 0 |a Politische Rechnungs-Wissenschaft  |c Albert Wild 
264 1 |a München  |b Fleischmann  |c 1862